Demolition prospects (Record no. 77002)
[ view plain ]
| 000 -LEADER | |
|---|---|
| fixed length control field | 01508cab a2200217 4500 |
| 001 - CONTROL NUMBER | |
| control field | ##L133431 |
| 008 - FIXED-LENGTH DATA ELEMENTS--GENERAL INFORMATION | |
| fixed length control field | 110801e2006 000 0 eng u |
| 035 ## - SYSTEM CONTROL NUMBER | |
| System control number | (Sirsi) u133431 |
| 041 0# - LANGUAGE CODE | |
| Language code of text/sound track or separate title | eng |
| 100 1# - MAIN ENTRY--PERSONAL NAME | |
| Personal name | Murdoch, Sandi |
| 245 00 - TITLE STATEMENT | |
| Title | Demolition prospects |
| 260 ## - PUBLICATION, DISTRIBUTION, ETC. | |
| Date of publication, distribution, etc. | 2006 |
| 490 #0 - SERIES STATEMENT | |
| Series statement | Estates Gazette |
| Volume/sequential designation | (0615) 15 April 2006, 133(1) |
| 520 ## - SUMMARY, ETC. | |
| Summary, etc. | Discusses the recent CA judgment "Wessex Reserve Forces and Cadets Association v White" ([2005] EWCA Civ 1744, unreported) where the court had to consider novel issues in respect of the Landlord and Tenant Act 1954 Part II. It had to decide whether landlords could successfully oppose an application for a statutory renewal under Part II of the 1954 Act where they intended to demolish structures that amounted mostly to tenant's fixtures. Key points of the case were that tenant's fixtures are part of a holding for the purpose of para f of S30(1) and that a landlord cannot prove any intention to demolish by relying on the prospect of the tenant removing its own fixtures at the end of the tenancy. |
| 650 24 - SUBJECT ADDED ENTRY--TOPICAL TERM | |
| Topical term or geographic name entry element | WESSEX RESERVE FORCES AND CADETS ASSOCIATION V WHITE AND ANOTHER |
| 650 24 - SUBJECT ADDED ENTRY--TOPICAL TERM | |
| Topical term or geographic name entry element | LANDLORD AND TENANT ACT 1954 S30(1)(F) |
| 650 24 - SUBJECT ADDED ENTRY--TOPICAL TERM | |
| Topical term or geographic name entry element | LANDLORD AND TENANT ACT 1954 PART II |
| 690 ## - LOCAL SUBJECT ADDED ENTRY--TOPICAL TERM (OCLC, RLIN) | |
| Topical term or geographic name as entry element | PROPERTY-COMMERCIAL PROPERTY-LEASEHOLD COMMERCIAL PROPERTY-COMMERCIAL LANDLORD AND TENANT-BUSINESS TENANCIES |
| 856 40 - ELECTRONIC LOCATION AND ACCESS | |
| Uniform Resource Identifier | <a href="https://www.bailii.org/ew/cases/EWCA/Civ/2005/1744.html">https://www.bailii.org/ew/cases/EWCA/Civ/2005/1744.html</a> |
| Public note | View the judgment free of charge at www.bailii.org |
| 942 ## - ADDED ENTRY ELEMENTS (KOHA) | |
| Suppress in OPAC | 0 |
| Withdrawn status | Lost status | Source of classification or shelving scheme | Damaged status | Not for loan | Home library | Current library | Shelving location | Date acquired | Total Checkouts | Full call number | Barcode | Date last seen | Copy number | Price effective from | Koha item type |
|---|---|---|---|---|---|---|---|---|---|---|---|---|---|---|---|
| Dewey Decimal Classification | London | London | Journal article | 08/05/2006 | L133431 | 133431-1001 | 06/08/2019 | 1 | 06/08/2019 | Journal article |